Statistics for NATO Military Alphabet

Click here to take the quiz!

General Stats

  • This quiz has been taken 206,067 times
  • The average score is 16 of 26

Answer Stats

Letter Code % Correct
AAlfa
98%
BBravo
92%
CCharlie
90%
DDelta
89%
FFoxtrot
81%
EEcho
76%
TTango
70%
XXray
65%
ZZulu
64%
LLima
63%
HHotel
62%
KKilo
61%
IIndia
61%
GGolf
58%
RRomeo
57%
JJuliet
57%
WWhiskey
56%
OOscar
54%
SSierra
53%
MMike
52%
YYankee
51%
VVictor
51%
NNovember
50%
QQuebec
50%
PPapa
49%
UUniform
48%

Score Distribution

Percentile by Number Answered

Percent of People with Each Score

Your Score History

You have not taken this quiz